Sistema monetario de México (Record no. 5930)

MARC details
000 -CABECERA
campo de control de longitud fija 00654nam a2200205 a 4500
001 - NÚMERO DE CONTROL
campo de control BRCA_6243
005 - FECHA Y HORA DE LA ÚLTIMA TRANSACCIÓN
campo de control 20190320205401.0
008 - DATOS DE LONGITUD FIJA--INFORMACIÓN GENERAL
campo de control de longitud fija 200711s1917----mx-d######---#000-0#spa-#
041 ## - CÓDIGO DE LENGUA
Código de lengua del texto/banda sonora o título independiente spa
044 ## - CÓDIGO DEL PAÍS DE LA ENTIDAD EDITORA/PRODUCTORA
Código MARC del país mx
050 #4 - SIGNATURA TOPOGRÁFICA DE LA BIBLIOTECA DEL CONGRESO
Número de clasificación HG664
Número de documento/Ítem .K45 1917
245 10 - MENCIÓN DE TÍTULO
Título Sistema monetario de México
Resto del título reformas propuestas por el señor E. W. Kemmerer, profesor de la Universidad de Princeton.
260 ## - PUBLICACIÓN, DISTRIBUCIÓN, ETC.
Lugar de publicación, distribución, etc. México
Nombre del editor, distribuidor, etc. Comisión de Reorganización Administrativa y Financiera
Fecha de publicación, distribución, etc. 1917
300 ## - DESCRIPCIÓN FÍSICA
Extensión 96 p.
Otras características físicas gráficas
Dimensiones 22 cm.
500 ## - NOTA GENERAL
Nota general K103
650 14 - PUNTO DE ACCESO ADICIONAL DE MATERIA--TÉRMINO DE MATERIA
Término de materia o nombre geográfico como elemento de entrada Cuestión Monetaria
9 (RLIN) 15682
651 #4 - PUNTO DE ACCESO ADICIONAL DE MATERIA--NOMBRE GEOGRÁFICO
Nombre geográfico México
Subdivisión general Política economica
9 (RLIN) 10395
902 ## - CATALOGADOR
Iniciales GFM
942 ## - ELEMENTOS DE PUNTO DE ACCESO ADICIONAL (KOHA)
Fuente del sistema de clasificación o colocación Library of Congress Classification
Tipo de ítem Koha Libros
Holdings
Estado de retiro Estado de pérdida Estado dañado No para préstamo Localización permanente Ubicación/localización actual Fecha de adquisición Número de inventario Total de préstamos Signatura topográfica completa Código de barras Fecha visto por última vez Precio válido a partir de Tipo de ítem Koha
El ejemplar forma parte de la colección y puede ser consultado según las políticas vigentes.       Biblioteca del Museo Franz Mayer (Rogerio Casas-Alatriste) Biblioteca del Museo Franz Mayer (Rogerio Casas-Alatriste) 20/07/2011 K103   HG664 .K45 1917 (K103) 6682 22/03/2019 22/03/2019 Libros